[Event "Titled Tuesday intern op 27th Feb Late"]
[Site "Chess.com INT"]
[Date "2024.02.27"]
[Round "8"]
[White "Aghasiyev, Kamal"]
[Black "Tarhan, Adar"]
[Result "0-1"]
[WhiteElo "2441"]
[BlackElo "2415"]
[PlyCount "82"]
[EventDate "2024.02.27"]
[EventType "swiss (blitz)"]
[EventRounds "11"]
[EventCountry "USA"]
[SourceTitle "CB10_2024"]
[SourceDate "2024.03.06"]
[SourceVersion "1"]
[SourceVersionDate "2024.03.06"]
[SourceQuality "1"]

1. d4 Nf6 2. c4 e6 3. Nf3 b6 4. g3 Bb7 5. Bg2 Bb4+ 6. Bd2 a5 7. 0-0 0-0 8. a3 Bxd2 9. Nbxd2 d6 10. c5 Nbd7 11. cxd6 cxd6 12. Qb3 Rc8 13. Rac1 Rxc1 14. Rxc1 Qb8 15. Nh4 Rc8 16. Rxc8+ Qxc8 17. Bxb7 Qxb7 18. Qc4 b5 19. Qc2 g5 20. Nhf3 g4 21. Ne1 Qd5 22. e3 e5 23. Nd3 exd4 24. Nf4 Qe5 25. Qc8+ Kg7 26. Nf1 Nb6 27. Qd8 Nc4 28. b3 dxe3 29. bxc4 exf2+ 30. Kxf2 Qb2+ 31. Ne2 bxc4 32. Ne3 Ne4+ 33. Kf1 Qb1+ 34. Kg2 Nf6 35. Qxd6 Qe4+ 36. Kf2 Qf3+ 37. Ke1 Qxe3 38. Qd4 Qxa3 39. Qxc4 Qd6 40. Nf4 Qe5+ 41. Kf1 Ne4 0-1

[Event "Titled Tuesday intern op 27th Feb Late"]
[Site "Chess.com INT"]
[Date "2024.02.27"]
[Round "6"]
[White "Garcia Correa, Jose Ricardo"]
[Black "Aghasiyev, Kamal"]
[Result "0-1"]
[WhiteElo "2103"]
[BlackElo "2441"]
[PlyCount "122"]
[EventDate "2024.02.27"]
[EventType "swiss (blitz)"]
[EventRounds "11"]
[EventCountry "USA"]
[SourceTitle "CB10_2024"]
[SourceDate "2024.03.06"]
[SourceVersion "1"]
[SourceVersionDate "2024.03.06"]
[SourceQuality "1"]

1. e4 e5 2. Nf3 Nc6 3. Bb5 a6 4. Ba4 Nf6 5. 0-0 b5 6. Bb3 Bc5 7. d3 d6 8. c3 h6 9. Be3 0-0 10. Nbd2 Be6 11. d4 Bxb3 12. Nxb3 exd4 13. cxd4 Bb6 14. d5 Bxe3 15. fxe3 Ne7 16. Nbd4 Nxe4 17. Rc1 Ng6 18. Qd3 Re8 19. Rc2 Nc5 20. Qd2 Qe7 21. b4 Na4 22. Nf5 Qe4 23. N3d4 Nb6 24. Rxc7 Nxd5 25. Nxd6 Qxe3+ 26. Qxe3 Rxe3 27. Rb7 Nf6 28. Rxf7 Rd3 29. N4f5 Ne8 30. Nxe8 Kxf7 31. Nexg7 Kg8 32. Nh5 Rad8 33. Nxh6+ Kh7 34. Ng4 Rd1 35. Nhf6+ Kg7 36. g3 Rxf1+ 37. Kxf1 Rd2 38. h4 Rxa2 39. h5 Nf8 40. h6+ Kg6 41. Ne4 Rb2 42. Nc5 Rxb4 43. Ne5+ Kxh6 44. Nxa6 Rb1+ 45. Kg2 b4 46. Nf7+ Kg7 47. Ne5 b3 48. Nd3 b2 49. Nxb2 Rxb2+ 50. Kh3 Rc2 51. Nb4 Rc5 52. Nd3 Rg5 53. Nf4 Kf6 54. Kg2 Ng6 55. Nh3 Ra5 56. Nf2 Kf5 57. Kf3 Ra3+ 58. Kg2 Ra2 59. Kf3 Ne5+ 60. Ke3 Ng4+ 61. Nxg4 Kxg4 0-1

[Event "Titled Tuesday intern op 13th Feb Late"]
[Site "Chess.com INT"]
[Date "2024.02.13"]
[Round "8"]
[White "Aghasiyev, Kamal"]
[Black "Esmeraldas Huachi, Anderson Yahir"]
[Result "0-1"]
[WhiteElo "2441"]
[BlackElo "2148"]
[PlyCount "134"]
[EventDate "2024.02.13"]
[EventType "swiss (blitz)"]
[EventRounds "11"]
[EventCountry "USA"]
[SourceTitle "CB08_2024"]
[SourceDate "2024.02.21"]
[SourceVersion "1"]
[SourceVersionDate "2024.02.21"]
[SourceQuality "1"]

1. d4 d5 2. c4 dxc4 3. Nf3 Nf6 4. e3 e6 5. Bxc4 a6 6. 0-0 c5 7. a4 Nc6 8. Qe2 cxd4 9. Rd1 Be7 10. exd4 0-0 11. Nc3 Nb4 12. Bg5 h6 13. Bh4 b6 14. Ne5 Bb7 15. f4 Nfd5 16. Bg3 Rc8 17. Rac1 Bh4 18. Ne4 Bxg3 19. hxg3 Rc7 20. Rf1 Ne7 21. Rfd1 Qa8 22. Nd6 Bd5 23. Bxd5 Nexd5 24. Rxc7 Nxc7 25. f5 Qd5 26. Ndxf7 Rxf7 27. Nxf7 Kxf7 28. Re1 Qxd4+ 29. Kh1 e5 30. Qh5+ Kg8 31. f6 Nd3 32. f7+ Kf8 33. Rf1 Nf2+ 34. Kh2 Ng4+ 35. Kh3 Nf2+ 36. Kh2 Ng4+ 37. Kh3 Nf6 38. Rxf6 gxf6 39. Qxh6+ Kxf7 40. Qh7+ Ke8 41. Qxc7 Qd7+ 42. Qxd7+ Kxd7 43. Kg4 Ke6 44. Kf3 Kd5 45. Ke3 b5 46. axb5 axb5 47. g4 Kc4 48. Ke4 Kb3 49. Kf5 Kxb2 50. Kxf6 e4 51. g5 e3 52. g6 e2 53. g7 e1Q 54. g8Q Qf2+ 55. Ke6 Qe2+ 56. Kd6 b4 57. Qd5 b3 58. Kc5 Qc2+ 59. Kb4 Ka2 60. Qa8+ Kb1 61. Qa3 b2 62. Qe3 Qd1 63. Qe4+ Ka1 64. Qa8+ Kb1 65. Qe4+ Kc1 66. Qe3+ Qd2+ 67. Qxd2+ Kxd2 0-1

[Event "Titled Tuesday intern op 13th Feb Late"]
[Site "Chess.com INT"]
[Date "2024.02.13"]
[Round "5"]
[White "Aghasiyev, Kamal"]
[Black "Hambleton, Aman"]
[Result "1-0"]
[WhiteElo "2441"]
[BlackElo "2420"]
[PlyCount "51"]
[EventDate "2024.02.13"]
[EventType "swiss (blitz)"]
[EventRounds "11"]
[EventCountry "USA"]
[SourceTitle "CB08_2024"]
[SourceDate "2024.02.21"]
[SourceVersion "1"]
[SourceVersionDate "2024.02.21"]
[SourceQuality "1"]

1. d4 e5 2. dxe5 Nc6 3. Nf3 Qe7 4. e4 Nxe5 5. Be2 Nf6 6. Nc3 d6 7. Bg5 c6 8. 0-0 h6 9. Bh4 Ng6 10. Bg3 Nh5 11. Nd4 Nxg3 12. hxg3 Qc7 13. Bg4 Be7 14. Bxc8 Rxc8 15. Nf5 0-0 16. Qg4 Bf6 17. Rad1 Rcd8 18. Kh2 Ne5 19. Nxh6+ Kh7 20. Qf5+ Kxh6 21. Rh1 Bh4 22. Kg1 g5 23. Qf6+ Ng6 24. gxh4 g4 25. h5 Qe7 26. hxg6# 1-0

[Event "Titled Tuesday intern op 13th Feb Late"]
[Site "Chess.com INT"]
[Date "2024.02.13"]
[Round "4"]
[White "Aghasiyev, Kamal"]
[Black "Niemann, Hans Moke"]
[Result "0-1"]
[WhiteElo "2441"]
[BlackElo "2675"]
[PlyCount "54"]
[EventDate "2024.02.13"]
[EventType "swiss (blitz)"]
[EventRounds "11"]
[EventCountry "USA"]
[SourceTitle "CB08_2024"]
[SourceDate "2024.02.21"]
[SourceVersion "1"]
[SourceVersionDate "2024.02.21"]
[SourceQuality "1"]

1. d4 Nf6 2. c4 g6 3. Nc3 Bg7 4. e4 d6 5. Be2 0-0 6. Bg5 c5 7. d5 e6 8. Nf3 exd5 9. exd5 h6 10. Bh4 g5 11. Bg3 Nh5 12. Nd2 Nxg3 13. hxg3 Re8 14. 0-0 Nd7 15. Bg4 Ne5 16. Bxc8 Qxc8 17. Qc2 Qg4 18. Nce4 Rad8 19. f3 Qd7 20. g4 f5 21. gxf5 Qxf5 22. Rac1 Ng6 23. Rfe1 Bd4+ 24. Kh2 g4 25. Ng3 Qg5 26. Rxe8+ Rxe8 27. Nf5 g3+ 0-1

[Event "Titled Tuesday intern op 13th Feb Early"]
[Site "Chess.com INT"]
[Date "2024.02.13"]
[Round "10"]
[White "Aghasiyev, Kamal"]
[Black "Tomczak, Jacek"]
[Result "0-1"]
[WhiteElo "2441"]
[BlackElo "2598"]
[PlyCount "104"]
[EventDate "2024.02.13"]
[EventType "swiss (blitz)"]
[EventRounds "11"]
[EventCountry "USA"]
[SourceTitle "CB08_2024"]
[SourceDate "2024.02.21"]
[SourceVersion "1"]
[SourceVersionDate "2024.02.21"]
[SourceQuality "1"]

1. d4 Nf6 2. c4 g6 3. Nc3 d5 4. cxd5 Nxd5 5. e4 Nxc3 6. bxc3 Bg7 7. Bc4 0-0 8. Ne2 c5 9. Be3 Nc6 10. 0-0 e6 11. Rc1 b6 12. Qd2 cxd4 13. cxd4 Bb7 14. Rfd1 Rc8 15. Bh6 Bxh6 16. Qxh6 Qf6 17. e5 Qg7 18. Qe3 Rfd8 19. Nf4 Re8 20. Bb5 a6 21. Bxc6 Bxc6 22. d5 exd5 23. Qxb6 Qxe5 24. Nd3 Qe6 25. Qxa6 Ba8 26. Qxe6 fxe6 27. Ne5 Kf8 28. f4 Ke7 29. Kf2 Kd6 30. Ke3 Bb7 31. Kd4 Ra8 32. Rd2 Ra4+ 33. Ke3 Rf8 34. g3 g5 35. Nc4+ Ke7 36. Nb6 Re4+ 37. Kf2 Kd6 38. Nc4+ Ke7 39. Nb6 Ba6 40. Rc7+ Kd6 41. Ra7 Bb5 42. a4 Bc6 43. Rxh7 gxf4 44. g4 f3 45. Rh3 Rxg4 46. Rxf3 Rh8 47. Ke3 Re4+ 48. Kd3 Rb4 49. a5 Rb3+ 50. Ke2 Rxh2+ 51. Rf2 Bb5+ 52. Ke1 Rh1+ 0-1

[Event "Titled Tuesday intern op 13th Feb Late"]
[Site "Chess.com INT"]
[Date "2024.02.13"]
[Round "6"]
[White "Galaktionov, Artem"]
[Black "Aghasiyev, Kamal"]
[Result "1-0"]
[WhiteElo "2305"]
[BlackElo "2441"]
[PlyCount "85"]
[EventDate "2024.02.13"]
[EventType "swiss (blitz)"]
[EventRounds "11"]
[EventCountry "USA"]
[SourceTitle "CB08_2024"]
[SourceDate "2024.02.21"]
[SourceVersion "1"]
[SourceVersionDate "2024.02.21"]
[SourceQuality "1"]

1. d4 d5 2. Nf3 Nf6 3. c4 e6 4. Nc3 Be7 5. Bf4 0-0 6. e3 b6 7. Bd3 dxc4 8. Bxc4 Ba6 9. Bxa6 Nxa6 10. 0-0 Qc8 11. Qe2 c5 12. Rac1 Qb7 13. a3 Rac8 14. h3 h6 15. Nb5 Rfd8 16. Rc2 cxd4 17. Nfxd4 Rxc2 18. Qxc2 Rc8 19. Qa4 Nd5 20. Be5 Bf8 21. Rd1 Be7 22. b4 Bf8 23. e4 Nf6 24. f3 Rd8 25. Qc2 Rc8 26. Qa4 Rd8 27. Rc1 Nd7 28. Bg3 Rc8 29. Rc2 Rxc2 30. Qxc2 Nab8 31. Qc7 Qxc7 32. Bxc7 a6 33. Nd6 Bxd6 34. Bxd6 b5 35. e5 f6 36. f4 Kf7 37. Kf2 fxe5 38. fxe5 g5 39. Kf3 Kg6 40. Nxe6 Kf5 41. Nd4+ Kg6 42. e6 Nf6 43. Bxb8 1-0

[Event "Titled Tuesday intern op 06th Feb Late"]
[Site "Chess.com INT"]
[Date "2024.02.06"]
[Round "10"]
[White "Aghasiyev, Kamal"]
[Black "Bueno, Alfeu Varela Jr"]
[Result "1-0"]
[WhiteElo "2441"]
[BlackElo "2155"]
[PlyCount "63"]
[EventDate "2024.02.06"]
[EventType "swiss (blitz)"]
[EventRounds "11"]
[EventCountry "USA"]
[SourceTitle "CB07_2024"]
[SourceDate "2024.02.14"]
[SourceVersion "1"]
[SourceVersionDate "2024.02.14"]
[SourceQuality "1"]

1. d4 e6 2. c4 f5 3. g3 Nf6 4. Bg2 Be7 5. Nc3 0-0 6. Nh3 Bb4 7. 0-0 Bxc3 8. bxc3 d6 9. c5 d5 10. Nf4 c6 11. Qc2 Qe7 12. Nd3 Nbd7 13. Bf4 Nh5 14. Bd6 Qg5 15. Bxf8 Nxf8 16. c4 Nf6 17. Ne5 Qh5 18. Rab1 N8d7 19. Nxd7 Nxd7 20. e4 fxe4 21. f3 exf3 22. Bxf3 Qg5 23. Rbe1 Nf6 24. Re5 Qh6 25. cxd5 exd5 26. Rfe1 Bg4 27. Bxg4 Nxg4 28. Re8+ Rxe8 29. Rxe8+ Kf7 30. Qe2 Qf6 31. Kg2 Nf2 32. Re3 1-0

[Event "Titled Tuesday intern op 06th Feb Late"]
[Site "Chess.com INT"]
[Date "2024.02.06"]
[Round "6"]
[White "Aghasiyev, Kamal"]
[Black "Diaz, Fernando"]
[Result "1-0"]
[WhiteElo "2441"]
[BlackElo "2086"]
[PlyCount "121"]
[EventDate "2024.02.06"]
[EventType "swiss (blitz)"]
[EventRounds "11"]
[EventCountry "USA"]
[SourceTitle "CB07_2024"]
[SourceDate "2024.02.14"]
[SourceVersion "1"]
[SourceVersionDate "2024.02.14"]
[SourceQuality "1"]

1. d4 e5 2. dxe5 d6 3. Nf3 Nc6 4. e4 Bg4 5. Bb5 dxe5 6. Bxc6+ bxc6 7. Nbd2 Bd6 8. 0-0 Nf6 9. c3 0-0 10. Qc2 Qd7 11. h3 Bh5 12. Nh4 Bc5 13. Nc4 Qe6 14. b3 a5 15. Be3 Bd6 16. a4 Rfd8 17. f3 Bf8 18. Rad1 Rdb8 19. Nf5 Bg6 20. Ng3 h5 21. Nf5 Ne8 22. g4 hxg4 23. hxg4 Nd6 24. Ncxd6 cxd6 25. c4 Rb4 26. Rd3 Rab8 27. Rfd1 d5 28. cxd5 cxd5 29. Rxd5 Rc8 30. Qd3 Rcb8 31. Qc3 Rxb3 32. Qxe5 Qxe5 33. Rxe5 f6 34. Re6 Bxf5 35. exf5 Rxe3 36. Rxe3 Bc5 37. Rdd3 Re8 38. Kf2 Bxe3+ 39. Rxe3 Rb8 40. Re4 Kf7 41. Ke3 Rb3+ 42. Kf4 Ra3 43. Rd4 Ra1 44. Ke4 Ra3 45. f4 Ra1 46. g5 fxg5 47. fxg5 Re1+ 48. Kd5 Rf1 49. Ke5 Re1+ 50. Re4 Ra1 51. g6+ Ke7 52. Kf4+ Kd7 53. Rd4+ Ke7 54. Ke5 Re1+ 55. Re4 Rd1 56. f6+ gxf6+ 57. Kf5+ Kf8 58. Kxf6 Rd6+ 59. Kg5 Rd7 60. Kh6 Kg8 61. Re8# 1-0

[Event "Titled Tuesday intern op 06th Feb Early"]
[Site "Chess.com INT"]
[Date "2024.02.06"]
[Round "2"]
[White "Aghasiyev, Kamal"]
[Black "Dovbnia, Nikita"]
[Result "0-1"]
[WhiteElo "2441"]
[BlackElo "1941"]
[PlyCount "62"]
[EventDate "2024.02.06"]
[EventType "swiss (blitz)"]
[EventRounds "11"]
[EventCountry "USA"]
[SourceTitle "CB07_2024"]
[SourceDate "2024.02.14"]
[SourceVersion "1"]
[SourceVersionDate "2024.02.14"]
[SourceQuality "1"]

1. d4 Nf6 2. c4 g6 3. Nc3 d5 4. cxd5 Nxd5 5. e4 Nxc3 6. bxc3 Bg7 7. Nf3 0-0 8. Be3 c5 9. Be2 b6 10. 0-0 Bb7 11. e5 Nc6 12. Qd2 Rc8 13. Rfd1 cxd4 14. cxd4 e6 15. Bh6 Ne7 16. Bxg7 Kxg7 17. a4 a5 18. Rab1 Nd5 19. h4 Nc3 20. h5 gxh5 21. Rbc1 Nxd1 22. Rxd1 h6 23. Qf4 Rg8 24. Bd3 Bxf3 25. Qxf3 Qg5 26. g3 h4 27. Kg2 hxg3 28. fxg3 Rc3 29. Rf1 Qd2+ 30. Rf2 Qxd3 31. Qf4 Kh7 0-1

[Event "Titled Tuesday intern op 06th Feb Early"]
[Site "Chess.com INT"]
[Date "2024.02.06"]
[Round "10"]
[White "Aghasiyev, Kamal"]
[Black "Mikhailovsky, Vladimir"]
[Result "0-1"]
[WhiteElo "2441"]
[BlackElo "2215"]
[PlyCount "96"]
[EventDate "2024.02.06"]
[EventType "swiss (blitz)"]
[EventRounds "11"]
[EventCountry "USA"]
[SourceTitle "CB07_2024"]
[SourceDate "2024.02.14"]
[SourceVersion "1"]
[SourceVersionDate "2024.02.14"]
[SourceQuality "1"]

1. d4 d5 2. c4 c6 3. Nf3 Nf6 4. Nc3 dxc4 5. a4 Bf5 6. e3 e6 7. Bxc4 Bb4 8. 0-0 0-0 9. Qe2 Bg6 10. Rd1 Nbd7 11. Bd3 Qa5 12. e4 e5 13. Na2 Bd6 14. Bd2 Qc7 15. dxe5 Nxe5 16. Nxe5 Bxe5 17. h3 Bxb2 18. Rab1 Bd4 19. Be3 Rad8 20. f3 Rfe8 21. Bc4 Bxe3+ 22. Qxe3 b6 23. Nb4 c5 24. Nd5 Nxd5 25. Bxd5 Qe5 26. Qb3 Rd6 27. a5 Red8 28. Qa3 h5 29. Rbc1 h4 30. axb6 axb6 31. Qa7 Kh7 32. Rf1 Qf4 33. Qc7 R8d7 34. Qb8 Bh5 35. Rc4 Qe3+ 36. Rf2 Qe1+ 37. Rf1 Qe3+ 38. Kh1 Qe2 39. Rcc1 Rg6 40. Qh2 Rg3 41. Rfe1 Qd2 42. Red1 Qf4 43. Re1 Rd6 44. Bc4 Rd2 45. Bf1 Bxf3 46. gxf3 Rxh2+ 47. Kxh2 Rxh3+ 48. Kg1 Qh2# 0-1

[Event "Titled Tuesday intern op 06th Feb Early"]
[Site "Chess.com INT"]
[Date "2024.02.06"]
[Round "6"]
[White "Aghasiyev, Kamal"]
[Black "Seder, Mohamad"]
[Result "1/2-1/2"]
[WhiteElo "2441"]
[BlackElo "2077"]
[PlyCount "138"]
[EventDate "2024.02.06"]
[EventType "swiss (blitz)"]
[EventRounds "11"]
[EventCountry "USA"]
[SourceTitle "CB07_2024"]
[SourceDate "2024.02.14"]
[SourceVersion "1"]
[SourceVersionDate "2024.02.14"]
[SourceQuality "1"]

1. d4 d5 2. c4 c6 3. Nc3 Nf6 4. cxd5 cxd5 5. Bf4 a6 6. e3 Nc6 7. Bd3 e6 8. h3 Bd6 9. Nf3 0-0 10. 0-0 Bxf4 11. exf4 Bd7 12. Rc1 Rc8 13. Bb1 b5 14. Ne5 Qb6 15. Qd3 g6 16. Rfd1 Rc7 17. h4 Rfc8 18. Qe3 Ne8 19. h5 Nd6 20. Ng4 Ne8 21. f5 Ne7 22. fxg6 hxg6 23. hxg6 Nxg6 24. Bxg6 fxg6 25. Qh6 b4 26. Qxg6+ Ng7 27. Nh6+ Kh8 28. Rd3 Be8 29. Qg5 bxc3 30. bxc3 Qb2 31. Rh3 Bh5 32. g4 Rxc3 33. Rcxc3 Rxc3 34. Rxc3 Qxc3 35. gxh5 Qe1+ 36. Kg2 Qe4+ 37. Kh2 Qxd4 38. Nf7+ Kg8 39. Ne5 Qxf2+ 40. Kh3 Qf1+ 41. Kh2 Qe2+ 42. Kg1 Qxh5 43. Qd8+ Kh7 44. Nd7 Qg4+ 45. Kf2 Qf4+ 46. Kg1 Qg4+ 47. Kh2 Qh5+ 48. Kg1 Qg6+ 49. Kh2 Qc2+ 50. Kg1 Nh5 51. Qe7+ Kh6 52. Qxe6+ Qg6+ 53. Qxg6+ Kxg6 54. Nc5 a5 55. Kf2 Kf5 56. Ke3 Ke5 57. Kd3 Nf4+ 58. Kd2 Kd4 59. Nb3+ Ke4 60. Nxa5 d4 61. Nb3 Nd5 62. Nc5+ Ke5 63. a4 Nb4 64. a5 Kd5 65. Nd3 Nxd3 66. Kxd3 Kc5 67. a6 Kb6 68. Kxd4 Ka7 69. Kc5 Kxa6 1/2-1/2

[Event "Titled Tuesday intern op 06th Feb Late"]
[Site "Chess.com INT"]
[Date "2024.02.06"]
[Round "1"]
[White "Cogan, Nicolas"]
[Black "Aghasiyev, Kamal"]
[Result "1-0"]
[WhiteElo "2070"]
[BlackElo "2441"]
[PlyCount "143"]
[EventDate "2024.02.06"]
[EventType "swiss (blitz)"]
[EventRounds "11"]
[EventCountry "USA"]
[SourceTitle "CB07_2024"]
[SourceDate "2024.02.14"]
[SourceVersion "1"]
[SourceVersionDate "2024.02.14"]
[SourceQuality "1"]

1. d4 d5 2. c4 e6 3. Nc3 Nf6 4. cxd5 exd5 5. Bg5 c6 6. e3 Nbd7 7. Bd3 Be7 8. Qc2 h6 9. Bh4 Nh5 10. Bxe7 Qxe7 11. Nge2 Nb6 12. Ng3 Nf4 13. 0-0 Nxd3 14. Qxd3 0-0 15. b3 Be6 16. f4 Bd7 17. f5 Rae8 18. Rae1 Qh4 19. Re2 Bc8 20. Rf4 Qg5 21. Nd1 Nd7 22. Nf2 Qd8 23. Ng4 Nf6 24. Ne5 Qd6 25. Qc3 Nd7 26. Ng4 c5 27. Ref2 f6 28. Nh5 Rf7 29. R2f3 b6 30. Rg3 Kf8 31. h3 Ree7 32. Kh2 Ke8 33. Rff3 Kd8 34. Nf4 Re4 35. Ne6+ Ke7 36. Nf2 Rxe6 37. fxe6 Qxe6 38. Nd3 g5 39. dxc5 bxc5 40. Nxc5 Qc6 41. Qd4 Qxc5 42. Rf2 Qxd4 43. exd4 Kd6 44. b4 Ba6 45. Re3 Re7 46. Rxe7 Kxe7 47. a4 Bc4 48. g4 Nb6 49. a5 Nc8 50. h4 Nd6 51. hxg5 hxg5 52. Rb2 a6 53. Rb1 Ne4 54. Kg2 Ke6 55. Rh1 Be2 56. Rh8 Bxg4 57. b5 axb5 58. a6 Be2 59. a7 g4 60. a8Q Bf3+ 61. Kg1 Kf5 62. Qd8 Kf4 63. Qb8+ Ke3 64. Qxb5 f5 65. Qb3+ Kf4 66. Qb1 Kg3 67. Qe1+ Kf4 68. Qc1+ Kg3 69. Rf8 Kh4 70. Rxf5 g3 71. Qh6+ Kg4 72. Rf4# 1-0

[Event "Titled Tuesday intern op 06th Feb Late"]
[Site "Chess.com INT"]
[Date "2024.02.06"]
[Round "4"]
[White "Collins, Adam"]
[Black "Aghasiyev, Kamal"]
[Result "1-0"]
[WhiteElo "2189"]
[BlackElo "2441"]
[PlyCount "71"]
[EventDate "2024.02.06"]
[EventType "swiss (blitz)"]
[EventRounds "11"]
[EventCountry "USA"]
[SourceTitle "CB07_2024"]
[SourceDate "2024.02.14"]
[SourceVersion "1"]
[SourceVersionDate "2024.02.14"]
[SourceQuality "1"]

1. d4 d5 2. c4 e6 3. Nf3 Nf6 4. g3 dxc4 5. Bg2 c5 6. 0-0 Nc6 7. dxc5 Qxd1 8. Rxd1 Bxc5 9. Nbd2 c3 10. bxc3 Bd7 11. Nb3 Bb6 12. Nfd4 Nxd4 13. cxd4 Bc6 14. Bxc6+ bxc6 15. Ba3 0-0-0 16. Rac1 Kb7 17. e3 h5 18. Be7 Rd5 19. Bxf6 gxf6 20. h4 Rhd8 21. Re1 a5 22. Rb1 Rb5 23. a4 Rb4 24. Nxa5+ Bxa5 25. Rxb4+ Bxb4 26. Rb1 Ra8 27. Rxb4+ Kc7 28. Kf1 Ra5 29. Ke2 c5 30. Rc4 Kd6 31. dxc5+ Kd5 32. Kd3 f5 33. c6 Ra8 34. c7 Rc8 35. a5 e5 36. a6 1-0

[Event "Titled Tuesday intern op 06th Feb Early"]
[Site "Chess.com INT"]
[Date "2024.02.06"]
[Round "5"]
[White "Herman, Daniel"]
[Black "Aghasiyev, Kamal"]
[Result "1-0"]
[WhiteElo "1927"]
[BlackElo "2441"]
[PlyCount "111"]
[EventDate "2024.02.06"]
[EventType "swiss (blitz)"]
[EventRounds "11"]
[EventCountry "USA"]
[SourceTitle "CB07_2024"]
[SourceDate "2024.02.14"]
[SourceVersion "1"]
[SourceVersionDate "2024.02.14"]
[SourceQuality "1"]

1. e4 e5 2. Nf3 Nc6 3. c3 d6 4. d4 Nf6 5. Be2 Be7 6. 0-0 0-0 7. d5 Nb8 8. Bd3 Bg4 9. h3 Bh5 10. c4 a5 11. Nc3 Na6 12. Be3 Nd7 13. g4 Bg6 14. Nd2 Bg5 15. Re1 Nac5 16. Bc2 Bf4 17. Nf1 Qh4 18. Qf3 Qg5 19. Ng3 Nf6 20. Kg2 h5 21. Bxf4 exf4 22. Nge2 hxg4 23. Qxf4 Qe5 24. Qxe5 dxe5 25. hxg4 Nxg4 26. Rh1 Rfd8 27. Rh4 Nf6 28. Rah1 Kf8 29. Ng3 Ke7 30. Nf5+ Bxf5 31. exf5 c6 32. Re1 Kd6 33. dxc6 bxc6 34. f3 Rh8 35. Rxh8 Rxh8 36. Rd1+ Kc7 37. Ne4 Nfxe4 38. Bxe4 Rh4 39. Kg3 Rf4 40. Re1 f6 41. Bc2 Rxc4 42. Re2 Rd4 43. Rh2 Kb6 44. Rh7 Rd2 45. Be4 Rxb2 46. Rxg7 Rxa2 47. Rf7 Ra3 48. Kf2 Ra2+ 49. Kg3 a4 50. Rxf6 a3 51. Rxc6+ Kb5 52. Rc8 Re2 53. Ra8 Na6 54. Bd3+ Kb6 55. Rxa6+ Kb7 56. Bxe2 1-0

[Event "Titled Tuesday intern op 06th Feb Late"]
[Site "Chess.com INT"]
[Date "2024.02.06"]
[Round "7"]
[White "Rangel, Daniel"]
[Black "Aghasiyev, Kamal"]
[Result "1-0"]
[WhiteElo "2176"]
[BlackElo "2441"]
[PlyCount "251"]
[EventDate "2024.02.06"]
[EventType "swiss (blitz)"]
[EventRounds "11"]
[EventCountry "USA"]
[SourceTitle "CB07_2024"]
[SourceDate "2024.02.14"]
[SourceVersion "1"]
[SourceVersionDate "2024.02.14"]
[SourceQuality "1"]

1. c4 e5 2. g3 Nc6 3. Bg2 Nf6 4. Nc3 Bb4 5. Nd5 0-0 6. e3 d6 7. Ne2 Nxd5 8. cxd5 Ne7 9. a3 Bc5 10. d4 exd4 11. Nxd4 Nf5 12. Nxf5 Bxf5 13. b4 Bb6 14. Bb2 Qe7 15. 0-0 Be4 16. Rc1 Bxg2 17. Kxg2 a5 18. b5 a4 19. Qg4 f5 20. Qc4 Bc5 21. Bd4 b6 22. Bxc5 bxc5 23. Rb1 Qe4+ 24. Qxe4 fxe4 25. b6 cxb6 26. Rxb6 Rad8 27. Ra6 Rf5 28. Rxa4 Rxd5 29. Rxe4 Ra8 30. Rb1 Ra7 31. a4 Kf7 32. Rb6 Re5 33. Rxe5 dxe5 34. Rc6 Rxa4 35. Rxc5 e4 36. Rc7+ Kf6 37. g4 h6 38. h4 Rb4 39. Kg3 Rb2 40. Rc6+ Ke5 41. Rc7 Kf6 42. Ra7 Rc2 43. Rd7 Rb2 44. Rd6+ Ke5 45. Rg6 Rb7 46. Ra6 Rb2 47. Rc6 Ra2 48. g5 hxg5 49. hxg5 Kf5 50. g6 Ra1 51. Rc5+ Kxg6 52. Kf4 Ra4 53. Re5 Ra2 54. Rg5+ Kh6 55. Rg2 Ra4 56. Kf5 Kh7 57. Rh2+ Kg8 58. Rh4 Ra2 59. Rf4 Kh7 60. Kxe4 g5 61. Rf3 Kg6 62. Rf8 Ra4+ 63. Kf3 Ra2 64. Kg3 Rb2 65. Rc8 Ra2 66. f3 Ra3 67. e4 Ra1 68. Rc5 Kh5 69. Rf5 Rg1+ 70. Kf2 Ra1 71. f4 Kg4 72. fxg5 Ra2+ 73. Ke3 Ra1 74. Kd4 Kh5 75. Ke5 Kg6 76. Rf2 Ra5+ 77. Kf4 Rxg5 78. Rd2 Rg1 79. Rd7 Kf6 80. Ra7 Ke6 81. Ra6+ Ke7 82. Ke5 Rg5+ 83. Kd4 Rb5 84. Ra7+ Ke6 85. Ra6+ Ke7 86. Ra7+ Ke6 87. Rh7 Rb4+ 88. Ke3 Ke5 89. Rh5+ Ke6 90. Kf4 Ra4 91. Re5+ Kf6 92. Rc5 Ke6 93. Rc6+ Ke7 94. Rh6 Kf7 95. Kf5 Ra5+ 96. e5 Ra1 97. Rh7+ Kg8 98. Rc7 Rf1+ 99. Ke6 Re1 100. Rc8+ Kg7 101. Re8 Ra1 102. Rb8 Re1 103. Rb5 Kf8 104. Rb6 Re2 105. Rb7 Re1 106. Rf7+ Kg8 107. Rf3 Ra1 108. Kf6 Ra8 109. Rg3+ Kf8 110. Rh3 Kg8 111. Rg3+ Kf8 112. e6 Rd8 113. Rh3 Kg8 114. Rg3+ Kh7 115. e7 Rd1 116. Kf7 Rf1+ 117. Ke8 Re1 118. Rf3 Kg7 119. Rf5 Ra1 120. Rd5 Ra8+ 121. Kd7 Ra7+ 122. Ke6 Ra6+ 123. Rd6 Ra1 124. Kd7 Re1 125. e8Q Rxe8 126. Kxe8 1-0

[Event "Titled Tuesday intern op 23rd Jan Late"]
[Site "Chess.com INT"]
[Date "2024.01.23"]
[Round "2"]
[White "Aghasiyev, Kamal"]
[Black "Caruana, Fabiano"]
[Result "0-1"]
[WhiteElo "2441"]
[BlackElo "2804"]
[PlyCount "100"]
[EventDate "2024.01.23"]
[EventType "swiss (blitz)"]
[EventRounds "11"]
[EventCountry "USA"]
[SourceTitle "CB05_2024"]
[SourceDate "2024.01.31"]
[SourceVersion "1"]
[SourceVersionDate "2024.01.31"]
[SourceQuality "1"]

1. e4 e6 2. d4 d5 3. exd5 exd5 4. Nf3 Nf6 5. Bd3 Bd6 6. 0-0 0-0 7. Bg5 Bg4 8. Nbd2 Nbd7 9. c3 c6 10. Qc2 Qc7 11. h3 Bh5 12. Rae1 Bg6 13. Nh4 Rfe8 14. Nf5 Bf8 15. Bh4 Nh5 16. Nf3 c5 17. Ne3 Bxd3 18. Qxd3 Nf4 19. Qd2 cxd4 20. Nxd4 Nc5 21. Bg3 Ne4 22. Nxd5 Nxd2 23. Nxc7 Nxf1 24. Rxe8 Rxe8 25. Nxe8 Nxg3 26. fxg3 Nd3 27. b3 Bc5 28. Kf1 Nc1 29. Ne2 Nxa2 30. Ke1 b5 31. b4 Bb6 32. Nd6 a5 33. bxa5 Bxa5 34. Nxb5 Kf8 35. Kd1 Ke7 36. Kc2 Ke6 37. Kb3 Nxc3 38. Nbxc3 Ke5 39. Kc4 f5 40. Nd5 g5 41. g4 fxg4 42. hxg4 Ke4 43. Nf6+ Ke3 44. Nd4 Kf4 45. Kd3 Kg3 46. Ne2+ Kxg2 47. Ke4 Kf2 48. Nd4 Bc3 49. Nxh7 Kg3 50. Nf6 Ba1 0-1

[Event "Titled Tuesday intern op 16th Jan Early"]
[Site "Chess.com INT"]
[Date "2024.01.16"]
[Round "4"]
[White "De Souza, Cristiano Gomes"]
[Black "Aghasiyev, Kamal"]
[Result "0-1"]
[WhiteElo "2018"]
[BlackElo "2441"]
[PlyCount "56"]
[EventDate "2024.01.16"]
[EventType "swiss (blitz)"]
[EventRounds "11"]
[EventCountry "USA"]
[SourceTitle "CB04_2024"]
[SourceDate "2023.10.16"]
[SourceVersion "1"]
[SourceVersionDate "2023.10.16"]
[SourceQuality "1"]

1. d4 d5 2. c4 e6 3. Nf3 Nf6 4. Nc3 Be7 5. Bg5 Nbd7 6. e3 h6 7. Bh4 0-0 8. Rc1 c5 9. dxc5 dxc4 10. c6 bxc6 11. Bxc4 c5 12. 0-0 Bb7 13. Qe2 Nb6 14. Ba6 Qc8 15. Bxb7 Qxb7 16. Na4 Nxa4 17. b3 Nb6 18. Bxf6 Bxf6 19. Rxc5 Rac8 20. Rfc1 Rxc5 21. Rxc5 Rc8 22. Qc2 Rxc5 23. Qxc5 Qd5 24. Qxd5 Nxd5 25. Kf1 g5 26. a4 Bc3 27. Ke2 Nb4 28. h3 Kg7 0-1